000 00912nam a2200313 a 4500
001 000108080
003 CHAP
005 20220329143956.0
008 131204s2008 ck | |r| |||1|||spa|d
010 _a104542
011 _a105514
020 _a9789588203706
040 _cCHAP
082 0 4 _a664
_bC56
245 0 0 _aCiencia, tecnología e industria de alimentos /
_cpor Nidia Alba Cuéllar.
260 3 _aBogotá :
_bGrupo Latino Editores,
_c2008.
300 _axx, 1191 p.
590 _aBATCH-UPD
_b05
_c20190520
_lUCH01
_h1210
590 _aE792CSJ
_b05
_c20131204
_lUCH01
_h0941
590 _aE792CSJ
_b05
_c20131204
_lUCH01
_h0942
650 1 4 _aAlimentos
_xAnálisis.
_94164
650 1 4 _aAlimentos
_xIndustria.
_94227
650 1 4 _aAlimentos
_xProcesado.
_94267
650 1 4 _aAlimentos
_xTecnología.
_94284
700 1 _aAlba Cuellar, Nidia.
_9124856
901 _aBK
942 _cLIBRO
942 _n0
999 _c104542
_d104542